• 首页
  • 本馆介绍
  • 公告通知
  • 最新文献
  • 馆藏检索
  • 电子资源
  • 读者导购
  • 参考咨询
  • 我的图书馆
  • 登录
  • 详细信息显示
  • 放入我的书架
  • 预约/预借图书
  • 作者相关作品
  • 分类相关作品
  • 丛书相关作品
  • 出版社相关作品

书目信息

  • 表格格式
  • 工作单格式
  • 卡片格式
题名:
量子计算与通信加密
    
 
作者: 张镇九 编著
分册:  
出版信息: 武汉   华中师范大学出版社  2002.09
页数: 299页
开本: 21cm
丛书名: 面向21世纪物理学丛书
单 册:
中图分类: O455
科图分类:
主题词: 量子无线电物理学业
电子资源:
ISBN: 7-5622-1316-X
000 00738nam0 2200241 45
001 012004015937
005 20040831105646.0
010    @a7-5622-1316-X@b精装@dCNY30.00
100    @a20041027d2002 em y0chiy50 ea
101 0  @achi
102    @aCN@b420000
105    @af z 001yy
200 1  @a量子计算与通信加密@Aliang zi ji suan yu tong xin jia mi@f张镇九等编著@Fzhang zhen jiu deng bian zhu
210    @a武汉@c华中师范大学出版社@d2002.09
215    @a299页@c图表@d21cm
225 2  @a面向21世纪物理学丛书
410  0 @12001 @a面向21世纪物理学丛书
606 0  @a量子无线电物理学业
690    @aO455@v4
701  0 @a张镇九@Azhang zhen jiu@4编著
801  0 @aCN@bBZT@c20041027
905    @aBZT@dO455@e1@f6
906    @dCNY30.00@n0@r1
    
    量子计算与通信加密/张镇九等编著.-武汉:华中师范大学出版社,2002.09
    299页:图表;21cm.-(面向21世纪物理学丛书)
    
    
    ISBN 7-5622-1316-X(精装):CNY30.00
    
●
相关链接 在五车中查询图书 在当当中查询图书 在豆瓣中查询图书


正题名:量子计算与通信加密     索取号:O455/1         预约/预借

序号 登录号 条形码 馆藏地/架位号 状态 备注
1 2001740731   2001740731   样本书库/样005架B面5层3列/ [索取号:O455/1] 在馆    
山东省滨州职业学院图书馆 欢迎您!
大连网信软件有限公司© 版权所有